[Event "Challenge"]
[Site "http://www.queenalice.com/game.php?id=200505"]
[Date "2007.4.21"]
[Round "-"]
[White "danilorcarneiro"]
[Black "shirya00007"]
[Result "0-1"]
[WhiteElo "1183"]
[BlackElo "1910"]

1. e4 e5 2. Nf3 Nc6 3. d3 Bc5 4. Nc3 Nf6 5. b3 Ng4 6. h3 Nxf2 7. Qe2 Nxh1 8. g4
Nd4 9. Qg2 Nxf3+ 10. Qxf3 Qh4+ 11. Ke2 Ng3+ 12. Ke1 Nxe4+ 13. Kd1 Nxc3+ 14. Kd2
Qf2+ 15. Qxf2 Bxf2 16. Kxc3 Bd4+ 17. Kd2 Bxa1 18. Ba3 Bd4 19. c3 Bb6 20. d4 e4
21. c4 Bxd4 22. Bg2 e3+ 23. Ke2 d6 24. g5 Bf5 25. Bxb7 Rb8 26. Bc6+ Ke7 27. h4
h6 28. b4 hxg5 29. hxg5 Rh2+ 30. Kf3 Rf2+ 31. Kg3 Be5+ 32. Kh4 Rh8# 0-1

[Event "Challenge"]
[Site "http://www.queenalice.com/game.php?id=200592"]
[Date "2007.4.22"]
[Round "-"]
[White "danilorcarneiro"]
[Black "valmir"]
[Result "0-1"]
[WhiteElo "1100"]
[BlackElo "1060"]

1. f4 a5 2. Nf3 e6 3. Nc3 a4 4. Nd4 c5 5. Ndb5 Ra6 6. b3 d6 7. Nxa4 Bd7 8. Nxd6+
Rxd6 9. a3 Qh4+ 10. g3 Qf6 11. c3 Bc6 12. Nxc5 Bxh1 13. Bh3 Rd5 14. Qc2 Rh5 15.
Qd3 Bxc5 16. b4 Bb6 17. a4 Rxh3 18. a5 Bg2 19. axb6 Rxh2 20. Qb5+ Kf8 21. Ra8
Qd8 22. Qc5+ Ne7 23. Kd1 g6 24. d4 Kg7 25. Be3 Nd5 26. Bd2 Rh1+ 27. Be1 Ne3+ 28.
Kd2 Nf1+ 29. Kd3 Qd7 30. Qa5 Nc6 31. Qa4 Qd5 32. Kc2 Ne3+ 33. Kd2 Nf1+ 34. Kc1
Rxa8 35. Qxa8 Qb3 36. Qxb7 Qa2 37. b5 Ne3 38. bxc6 Rxe1# 0-1

[Event "Challenge"]
[Site "http://www.queenalice.com/game.php?id=200802"]
[Date "2007.4.22"]
[Round "-"]
[White "danilorcarneiro"]
[Black "Lord"]
[Result "1-0"]
[WhiteElo "1204"]
[BlackElo "1247"]

1. g4 e5 2. Nf3 b6 3. Nxe5 f6 4. Nc4 b5 5. Nca3 b4 6. Nc4 Ba6 7. d3 Nc6 8. Bg2
d5 9. Ne3 d4 10. Bxc6+ Ke7 11. Nd5+ Kd6 12. Bxa8 Qxa8 13. e4 Nh6 14. c3 c6 15.
Ne3 dxe3 16. fxe3 g5 17. cxb4 Qd8 18. Qa4 Bxd3 19. Kd2 Bxe4 20. Nc3 1-0

[Event "Challenge"]
[Site "http://www.queenalice.com/game.php?id=200833"]
[Date "2007.4.22"]
[Round "-"]
[White "danilorcarneiro"]
[Black "afonso_fleurs"]
[Result "0-1"]
[WhiteElo "1154"]
[BlackElo "1409"]

1. g4 e5 2. Nf3 d6 3. Bh3 Nf6 4. Nc3 Nxg4 5. d3 Nxf2 6. Kxf2 Bxh3 7. Kg3 Be6 8.
Ne4 d5 9. Neg5 e4 10. Nxe6 Bd6+ 11. Kg2 exf3+ 12. exf3 fxe6 13. Qe1 O-O 14.
Qxe6+ Kh8 15. b4 Nc6 16. Bb2 Qg5+ 17. Kf2 Qd2+ 18. Qe2 Rxf3+ 19. Kxf3 Rf8+ 20.
Kg2 Qxe2+ 21. Kh3 Rf3+ 22. Kh4 Be7+ 23. Kg4 Qg2+ 24. Kh5 Qg5# 0-1

[Event "Challenge"]
[Site "http://www.queenalice.com/game.php?id=200875"]
[Date "2007.4.22"]
[Round "-"]
[White "danilorcarneiro"]
[Black "mteixeira"]
[Result "0-1"]
[WhiteElo "1154"]
[BlackElo "1586"]

1. f4 d5 2. Nc3 d4 3. Na4 e5 4. fxe5 b5 5. Nc3 dxc3 6. dxc3 Nc6 7. b4 a5 8. g4
axb4 9. Qd2 Bxg4 10. Bh3 bxc3 11. Qxc3 Bb4 12. Qd2 Bxd2+ 13. Bxd2 Nxe5 14. Bf4
Qd4 15. Nf3 Qxa1+ 16. Kf2 Qxh1 17. Bg2 Qd1 18. Bxe5 Rxa2 19. Ne1 Qxe2+ 20. Kg1
Qxe1+ 21. Bf1 Bh3 22. Bg3 Qxf1# 0-1

[Event "Challenge"]
[Site "http://www.queenalice.com/game.php?id=200876"]
[Date "2007.4.22"]
[Round "-"]
[White "danilorcarneiro"]
[Black "Pluka"]
[Result "0-1"]
[WhiteElo "1100"]
[BlackElo "1806"]

1. f4 d5 2. Nf3 Nf6 3. Nc3 e6 4. h4 Bb4 5. a3 Ba5 6. Nd4 Bb6 7. e3 O-O 8. Qf3 c5
9. Nb3 Nc6 10. Nb5 a6 11. Nc3 c4 12. Nd4 Bxd4 13. exd4 Nxd4 14. Qd3 cxd3 15.
cxd3 Nc2+ 16. Kd1 Nxa1 17. Rh3 Qd6 18. Re3 Qxf4 19. g3 Qxf1+ 20. Re1 Qxd3 21.
Re3 Qc2+ 22. Ke2 Qxc1 0-1

[Event "Challenge"]
[Site "http://www.queenalice.com/game.php?id=200878"]
[Date "2007.4.22"]
[Round "-"]
[White "danilorcarneiro"]
[Black "edsonigor"]
[Result "0-1"]
[WhiteElo "1129"]
[BlackElo "1713"]

1. g4 d5 2. Nf3 Bxg4 3. Nc3 Bxf3 4. exf3 e5 5. b4 Bxb4 6. a3 Bxc3 7. dxc3 Nf6 8.
Bb5+ Nbd7 9. Bg5 c6 10. Ba4 O-O 11. h4 h6 12. Be3 Qa5 13. Bb3 Qxc3+ 14. Qd2
Qxa1+ 15. Qd1 Qxd1+ 16. Kxd1 d4 17. Bd2 Rfd8 18. Ba5 b6 19. h5 bxa5 20. c4 Nc5
21. Ba2 Rab8 22. Rg1 Rb2 23. f4 exf4 24. f3 Rxa2 25. Ke1 Re8+ 0-1

[Event "AUTO-BEG-94"]
[Site "http://www.queenalice.com/game.php?id=201305"]
[Date "2007.4.23"]
[Round "1"]
[White "aguiadourada"]
[Black "danilorcarneiro"]
[Result "1-0"]
[WhiteElo "1141"]
[BlackElo "1222"]

1. e4 Nf6 2. f3 g5 3. Bc4 Nc6 4. d3 b6 5. Bxg5 Rg8 6. Qd2 h6 7. Bxf6 exf6 8. Nh3
d6 9. Nf4 Na5 10. Bd5 c6 11. Bxc6+ Bd7 12. Bxa8 Qxa8 13. b4 Nb7 14. Nh5 Rg5 15.
Nxf6+ Kd8 16. Nh7 Rg8 17. Nf6 Rg6 18. Qf4 Ba4 19. Nh7 Be7 20. Qxf7 Be8 21. Qd5
a5 22. bxa5 Qxa5+ 23. Qxa5 Nxa5 24. O-O Ba4 25. c3 1-0

[Event "AUTO-BEG-94"]
[Site "http://www.queenalice.com/game.php?id=201306"]
[Date "2007.4.23"]
[Round "1"]
[White "danilorcarneiro"]
[Black "aguiadourada"]
[Result "0-1"]
[WhiteElo "1203"]
[BlackElo "1160"]

1. g4 d5 2. Nc3 c6 3. b4 Nh6 4. Bg2 Bxg4 5. Ba3 d4 6. Ne4 f5 7. h3 fxe4 8. Bxe4
Be6 9. c4 Bxc4 10. d3 Bb5 11. Nf3 b6 12. Rc1 Na6 13. Rxc6 Bxc6 14. Bxc6+ Kf7 15.
Rg1 Rc8 16. Qa4 Nb8 17. Qb3+ e6 18. Ng5+ Kg6 19. Be4+ Nf5 20. Bf3 Rc3 21. Qb2 h6
22. e3 Rxd3 23. e4 Nh4 0-1

[Event "Let's Play Chess!"]
[Site "http://www.queenalice.com/game.php?id=210385"]
[Date "2007.5.13"]
[Round "-"]
[White "Andre251"]
[Black "danilorcarneiro"]
[Result "1-0"]
[WhiteElo "1730"]
[BlackElo "1204"]

1. e4 e5 2. Bc4 d6 3. d3 b6 4. Qf3 Qf6 5. Qg3 Nh6 6. Bg5 Qg6 7. h4 f6 8. h5 Qxg5
9. Qxg5 fxg5 10. Nc3 Bg4 11. Nd5 c6 12. Nc7+ Kd8 13. Nxa8 b5 14. Bb3 Kc8 15. a4
Na6 16. axb5 cxb5 17. Ra5 Kb7 18. Rxb5+ Kxa8 19. Bd5# 1-0